| Tag |
First Indicator |
Second Indicator |
Subfields |
| LEADER |
00000cam a2200000 a 4500 |
| 001 |
in00001404813 |
| 005 |
20151020062125.0 |
| 008 |
970714s1996 txuab b s000 0 eng d |
| 035 |
|
|
|a (OCoLC)37290709
|
| 035 |
|
|
|9 AHP0782AM
|
| 040 |
|
|
|a IKM
|c IKM
|d TXA
|d UtOrBLW
|
| 043 |
|
|
|a n-us-tx
|
| 049 |
|
|
|a TXAO
|
| 086 |
|
|
|a T1300.8 AR22P 1996
|2 txdocs
|
| 100 |
1 |
|
|a Clark, John Wilburn,
|d 1943-
|
| 245 |
1 |
0 |
|a Archeological testing at Pflugerville Bottling Works, Travis County, Texas /
|c by John W. Clark, Jr.
|
| 264 |
|
1 |
|a [Austin, Tex.] :
|b Environmental Affairs Division, Texas Dept. of Transportation,
|c [1996]
|
| 300 |
|
|
|a 10 pages :
|b illustrations, maps ;
|c 28 cm.
|
| 336 |
|
|
|a text
|b txt
|2 rdacontent
|
| 337 |
|
|
|a unmediated
|b n
|2 rdamedia
|
| 338 |
|
|
|a volume
|b nc
|2 rdacarrier
|
| 500 |
|
|
|a "September 1996"
|
| 504 |
|
|
|a Includes bibliographical references (page 10).
|
| 650 |
|
0 |
|a Excavations (Archaeology)
|z Texas
|z Travis County.
|
| 651 |
|
0 |
|a Travis County (Tex.)
|x Antiquities.
|
| 610 |
2 |
0 |
|a Pflugerville Bottling Works.
|
| 650 |
|
0 |
|a Archaeological surveying
|z Texas
|z Travis County.
|
| 710 |
1 |
|
|a Texas.
|b Department of Transportation.
|b Environmental Affairs Division.
|
| 948 |
|
|
|a c:jrh
|a overlay:jo 7/1/98
|
| 999 |
|
|
|a MARS
|
| 999 |
f |
f |
|s 615ba0ee-add3-3bc0-a7ef-7bddc488452a
|i fb36e8ff-83ae-390b-ba98-ea45e449eba6
|t 0
|
| 952 |
f |
f |
|p normal
|a Texas A&M University
|b College Station
|c Sterling C. Evans Library
|d Evans: Texas Documents (Annex 5th floor)
|t 0
|e T1300.8 AR22P 1996
|h Superintendent of Documents classification
|i unmediated -- volume
|m A14823058736
|
| 998 |
f |
f |
|a T1300.8 AR22P 1996
|t 0
|l Evans: Texas Documents (Annex 5th floor)
|